| 000 | 00916pam a2200325 i 4500 | ||
|---|---|---|---|
| 999 |
_c1000 _d1000 |
||
| 001 | 016938687 | ||
| 003 | Uk | ||
| 005 | 20200312121932.0 | ||
| 008 | 140804s2015 enk j b 000 1 eng d | ||
| 015 |
_aGBB4C5579 _2bnb |
||
| 016 | 7 |
_a016938687 _2Uk |
|
| 020 | _a9780141357034 (paperback) : | ||
| 040 |
_aStDuBDS _beng _cStDuBDS _dUk _erda |
||
| 042 | _aukblcatcopy | ||
| 082 | 0 | 4 |
_aFIC NIV _223 |
| 100 | 1 |
_aNiven, Jennifer, _eauthor. |
|
| 245 | 1 | 0 |
_aAll the bright places / _cJennifer Niven. |
| 264 | 1 |
_aLondon : _bPenguin Books, _c2015. |
|
| 300 |
_a388 pages ; _c20 cm |
||
| 336 |
_atext _2rdacontent |
||
| 337 |
_aunmediated _2rdamedia |
||
| 338 |
_avolume _2rdacarrier |
||
| 500 |
_aFormerly CIP. _5Uk |
||
| 504 | _aIncludes bibliographical references. | ||
| 530 | _aAlso issued online. | ||
| 651 | 0 |
_aIndiana _vFiction. |
|
| 655 | 0 | _aLove stories. | |
| 655 | 0 | _aYoung adult fiction. | |
| 942 |
_2ddc _cFIC |
||